000 00302nam a22001217a 4500
003 SGT
082 _a954
_bT87C
100 _aCHATURVEDI, T.N.
245 _aTHE INDIAN JOURNAL OF PUBLIC ADMINISTRATION
260 _bTHE INDIAN INSTITUTE OF PUBLIC ADMINISTRATION
_c1987
300 _a831
942 _2ddc
_cBK
999 _c29282
_d29282